000 00498 a2200205 4500
005 20260128110035.0
008 260127b |||||||| |||| 00| 0 eng d
020 _a9781032465463
_c£ 86.99
040 _aMAIN
082 _a572.865
_bL342G(3)
100 _aLatchman, David S
245 _aGene control
250 _a3rd
260 _bCRC Press
_c2025
_aLondon
300 _axx, 557
650 _aGenetics
650 _aMolecular Biology
700 _aCheriyath, Venugopalan
942 _cBK
999 _c395258
_d395258